Online
Catalog

La lucha de un sindicalista : (Record no. 25217)

MARC details
000 -CABECERA
campo de control de longitud fija 00882cam a2200241 a 4500
001 - NÚMERO DE CONTROL
campo de control 000025725
005 - FECHA Y HORA DE LA ÚLTIMA TRANSACCIÓN
campo de control 20200930024012.0
008 - DATOS DE LONGITUD FIJA--INFORMACIÓN GENERAL
campo de control de longitud fija 760831s1969 ag 000 | spa d
041 ## - CÓDIGO DE LENGUA
Código de lengua del texto/banda sonora o título independiente spa
Código de lengua original eng
Fuente del código Código de idioma MARC
082 ## - NÚMERO DE LA CLASIFICACIÓN DECIMAL DEWEY
Número de clasificación xxx
Número de documento/Ítem R447L
049 ## - FONDOS LOCALES (OCLC)
Fondos de biblioteca BNGR
040 ## - FUENTE DE LA CATALOGACIÓN
Centro catalogador/agencia de origen DO-SdBNP
100 1# - ENTRADA PRINCIPAL--NOMBRE DE PERSONA
Nombre de persona Cook, Fred. J. ,
9 (RLIN) 52497
240 #0 - TÍTULO UNIFORME
Título uniforme Walter Reuther: building the house of labor.
Lenguaje de la obra Español
245 13 - MENCIÓN DE TÍTULO
Título La lucha de un sindicalista :
Resto del título Walter Reuther /
Mención de responsabilidad, etc. Fred. J. Cook ; traducción Cristina Soubervielle.
260 ## - PUBLICACIÓN, DISTRIBUCIÓN, ETC.
Lugar de publicación, distribución, etc. Buenos Aires :
Nombre del editor, distribuidor, etc. Americana,
Fecha de publicación, distribución, etc. 1969.
300 ## - DESCRIPCIÓN FÍSICA
Extensión 158 p. :
Otras características físicas il. ;
Dimensiones 20 cm.
490 1# - MENCIÓN DE SERIE
Mención de serie Testimonios de Nuestro Tiempo
534 ## - NOTA SOBRE LA VERSIÓN ORIGINAL
Encabezamiento principal del original Título original :
Mención de título del original Walter Reuther: building the house of labor.
700 1# - PUNTO DE ACCESO ADICIONAL--NOMBRE DE PERSONA
Nombre de persona Soubervielle, Cristina ,
Término indicativo de función/relación tr.
9 (RLIN) 52498
700 1# - PUNTO DE ACCESO ADICIONAL--NOMBRE DE PERSONA
Nombre de persona Pimentel , Rubén C. ,
Término indicativo de función/relación tr.
9 (RLIN) 52489
830 #0 - PUNTO DE ACCESO ADICIONAL DE SERIE-TÍTULO UNIFORME
Título uniforme Testimonios de Nuestro Tiempo
9 (RLIN) 52499
Holdings
Estado de retiro Estado de pérdida Restricciones de uso No para préstamo Código de colección Localización permanente Ubicación/localización actual Ubicación en estantería Fecha de adquisición Número de inventario Total de préstamos Signatura topográfica completa Código de barras Fecha visto por última vez Precio válido a partir de Tipo de ítem Koha
      Excluido de préstamo Monografías: Libros y Folletos General General En catalogación 21.02.2011 LF1   xxx R447L 25725-10 25.06.2020 25.06.2020 No se presta

Powered by Koha